Score 0/18 Timer 03:00
2 Plays Today
Movie Missing Word % Correct
Like Father Like ____ Son
96.2%
Father of the ____Bride
91.2%
Daddy Day ____Care
90.9%
In the ____ of the FatherName
83.1%
____ DaddyBig
82%
Fathers' ____Day
79.3%
Fathers & ____Daughters
66.4%
World's ____ DadGreatest
61.8%
Daddy's ____ Home
56.6%
Movie Missing Word % Correct
Getting ____ with DadEven
51%
____ of Our FathersFlags
49%
Mom and Dad ____ the WorldSave
45.3%
____ DadGhost
34.4%
Father's ____ DividendLittle
32%
The ____ FatherGood
28.8%
My Father the ____Hero
17.5%
Daddy's Little ____ Girls
16.2%
____ FatherBlood
7.6%

Today's Daily Dose

Remove Ads.
Support Sporcle.
Get the best of Sporcle when you Go Orange. This ad-free experience offers more features, more stats, and more fun while also helping to support Sporcle. Thank you for becoming a member.

You're not logged in!

Compare scores with friends on all Sporcle quizzes.
OR
Log In

Show Comments

Extras

Top Quizzes Today


Score Distribution

Your Account Isn't Verified!

In order to create a playlist on Sporcle, you need to verify the email address you used during registration. Go to your Sporcle Settings to finish the process.

Report this User

Report this user for behavior that violates our Community Guidelines.

Details: